De jure (Record no. 1590)

MARC details
000 -LÍDER
Campo Fixo de Controle 01160nam a2200349 4500
001 - NÚMERO DE CONTROLE
Campo de Controle 1590
003 - IDENTIFICAÇÃO DO NÚMERO DE CONTROLE
Campo de Controle BR-CuiBMT
005 - DATA E HORA DA ÚLTIMA ATUALIZAÇÃO
Campo de Controle 20231216174656.0
008 - DADOS FIXOS
Dados Fixos 231216c2006 mgbfr p 0 a1por d
022 ## - INTERNATIONAL STANDARD SERIAL NUMBER
Nº do ISSN 1809-8487
040 ## - AGÊNCIA CATALOGADORA
Código da Agência Catalogadora BR-CuiBMT
Agência que transcreveu o registro BR-CuiBMT
041 0# - CÓDIGO DO IDIOMA
Código do Idioma por
-- spa
080 ## - Nº DA CLASSIFICAÇÃO DECIMAL UNIVERSAL
Nº Class. CDU 34(05)
Nº edição CDU 2007
090 ## - NÚMERO DE CHAMADA
Complemento Periódico
Nº classificação 34(05)
097 ## - AVALIAÇÃO CAPES
Avaliação CAPES C
CAPES Área avaliação Direito
097 ## - AVALIAÇÃO CAPES
Avaliação CAPES C
CAPES Área avaliação Letras/Linguística
098 ## - CÓDIGO CCN
Código CCN 101222-3
245 00 - TÍTULO PRINCIPAL
Título principal De jure
260 ## - PUBLICAÇÃO, DISTRIBUIÇÃO, ETC.
Local de publicação Belo Horizonte :
Editora Ministério Público do Estado de Minas Gerais,
Data 2015 -
300 ## - DESCRIÇÃO FÍSICA
N. páginas ou volumes v. ;
Ilustrações 21 cm
310 ## - PERIODICIDADE ATUAL DA PUBLICAÇÃO
Periodicidade atual da publicação Semestral
Data da periodicidade atual da publicação 2007-
362 0# - DATAS DA PUBLICAÇÃO E/OU DESIGNAÇÃO SEQUENCIAL
Datas de publicação e/ou designação sequencial v. 14, n. 25 (jul./dez. 2015)-
530 ## - FORMA FÍSICA ADICIONAL
Forma física adicional Disponível também em versão online.
546 ## - NOTA DE IDIOMA
Nota de idioma Contém textos em espanhol.
590 ## - NOTA LOCAL
Nota da biblioteca ou instituição Data de início da coleção na Biblioteca 2015 -
650 ## - ASSUNTO TÓPICO
Cabeçalho tópico ou nome geográfico Direito
Subdivisão de forma Periódicos
Subdivisão geográfica Brasil
650 ## - ASSUNTO TÓPICO
Cabeçalho tópico ou nome geográfico Ciências jurídicas
Subdivisão de forma Periódicos
Subdivisão geográfica Brasil
710 1# - ENTRADA SECUNDÁRIA -- ENTIDADE
Nome da entidade ou lugar Minas Gerais.
Unidade subordinada Ministério Público.
780 00 - TÍTULO ANTERIOR
Título Revista Júridica do Ministério Público do Estado de Minas Gerais
856 4# - LOCALIZAÇÃO E ACESSO ELETRÔNICO
Localização e acesso eletrônico https://dejure.mpmg.mp.br/dejure
Endereço eletrônico (URI) <a href="Disponível também online.">Disponível também online.</a>
Texto do link 16/12/2023.
942 ## - ELEMENTOS DE ENTRADA ADICIONAIS (KOHA)
Fonte de classificação ou esquema de arquivamento Classificação Decimal Universal
Tipo de item do Koha Periódicos
Holdings
Estado: removido Estado: perdido Fonte de classificação ou esquema de arquivamento Estado: danificado Indisponível para empréstimo Código da coleção Localização permanente Localização atual Data de aquisição Numeração serial / cronológica Total Checkouts Número de Chamada completo Código de barras Date last seen Número do exemplar Preço efetivo a partir de Tipo de item (Koha)
    Classificação Decimal Universal     Periódicos Biblioteca da Escola Superior de Contas do TCE/MT Biblioteca da Escola Superior de Contas do TCE/MT 16/12/2023 v. 14, n. 25, jul./dez. 2015   Periódico 34(05) BIBTCEMT23120701 16/12/2023 Ex. 1 16/12/2023 Periódicos
    Classificação Decimal Universal     Periódicos Biblioteca da Escola Superior de Contas do TCE/MT Biblioteca da Escola Superior de Contas do TCE/MT 16/12/2023 v. 15, n. 26, jan./jun. 2016   Periódico 34(05) BIBTCEMT23120702 16/12/2023 Ex. 1 16/12/2023 Periódicos
    Classificação Decimal Universal     Periódicos Biblioteca da Escola Superior de Contas do TCE/MT Biblioteca da Escola Superior de Contas do TCE/MT 16/12/2023 v. 15, n. 27, jul./dez. 2016   Periódico 34(05) BIBTCEMT23120703 16/12/2023 Ex. 1 16/12/2023 Periódicos
    Classificação Decimal Universal     Periódicos Biblioteca da Escola Superior de Contas do TCE/MT Biblioteca da Escola Superior de Contas do TCE/MT 16/12/2023 v. 16, n. 28, jan./jun. 2017   Periódico 34(05) BIBTCEMT23120704 16/12/2023 Ex. 1 16/12/2023 Periódicos
    Classificação Decimal Universal     Periódicos Biblioteca da Escola Superior de Contas do TCE/MT Biblioteca da Escola Superior de Contas do TCE/MT 16/12/2023 v. 16, n. 29, jul./dez. 2017   Periódico 34(05) BIBTCEMT23120705 16/12/2023 Ex. 1 16/12/2023 Periódicos
    Classificação Decimal Universal     Periódicos Biblioteca da Escola Superior de Contas do TCE/MT Biblioteca da Escola Superior de Contas do TCE/MT 16/12/2023 v. 17, n. 30, jan./jun. 2018   Periódico 34(05) BIBTCEMT23120706 16/12/2023 Ex. 1 16/12/2023 Periódicos

Powered by Koha